Smallest Countries per Number of Borders Quiz Stats

Quiz Updated Apr 25, 2018

Challenge
Share
Tweet
Embed
Score 0/30 Timer 06:00
6 Plays Today
Hint Answer % Correct
1 borderVatican City
92.7%
1 borderMonaco
82.9%
1 borderSan Marino
82.5%
2 bordersLiechtenstein
81.8%
2 bordersAndorra
81.1%
3 bordersLuxembourg
80.5%
0 bordersNauru
66.8%
0 bordersTuvalu
63.5%
2 bordersSwaziland
56.4%
4 bordersKosovo
55.7%
1 borderBrunei
52.6%
0 bordersSt. Kitts and Nevis
51.7%
0 bordersMarshall Islands
50.4%
5 bordersMontenegro
49.4%
0 bordersMaldives
49%
Hint Answer % Correct
5 bordersIsrael
48.7%
2 bordersKuwait
48.4%
5 bordersMacedonia
46.3%
3 bordersPalestine
45.6%
3 bordersDjibouti
43.6%
4 bordersRwanda
43.4%
4 bordersSlovenia
43.3%
1 borderThe Gambia
41.9%
2 bordersLebanon
41.9%
3 bordersBurundi
41.8%
4 bordersAlbania
37.9%
5 bordersSwitzerland
37%
5 bordersSlovakia
34.6%
4 bordersArmenia
33.2%
3 bordersBosnia and Herzegovina
30.3%

You're not logged in!

Compare scores with friends on all Sporcle quizzes.
Join for Free
OR
Log In

You Might Also Like...

Show Comments

Extras

Top Quizzes Today


Score Distribution

Your Account Isn't Verified!

In order to create a playlist on Sporcle, you need to verify the email address you used during registration. Go to your Sporcle Settings to finish the process.

Report this User

Report this user for behavior that violates our Community Guidelines.

Details: